000
00312nam a22001457a 4500
008
210312b ||||| |||| 00| 0 eng d
020
_a
0840350694
041
_a
eng
080
_2
3th
_a
070
082
_2
3th
_a
070
100
_a
39
101
_a
MED
245
_a
Mass Media Issues
_c
Rodman,G
942
_2
udc
_c
BK
999
_c
56516
_d
56516